Datum a čas kvízu
35
Celkem bodů
Celkový počet nahraných bodů na tomto kvízu bez doplňovacích otázek.
6.
Pořadí na kvízu
Konečné umístění týmu na tomto kvízu.
Zaznamenané odpovědi
| # | Otázka | Odpověď | Body | Výsledky |
|---|---|---|---|---|
| 1. | Minulý týden bylo veřejnosti o... | Michael Žantovský | 0 | |
| 2. | Britský inženýr Michael Wallhe... | popelnici | 1 | |
| 3. | Doplňte název filmu, který měl... | paralelními světy | 1 | |
| 4. | 56letý politik a advokát Zdeně... | Hospodářská komora (ČR) | 0 | |
| 5. | Poměrně sledovanou událostí by... | druhý | 1 | |
| 6. | Pánové Svěrák, Smoljak a Cimrm... | Václav IV. (Lucemburský) | 0 | |
| 7. | Napište jméno českého národníh... | Miroslav Tyrš | 1 | |
| 8. | Nejstarší historiky doloženou... | Drahomíra (ze Stodor) | 1 | |
| 9. | Významní Češi získali od svého... | C | 1 | |
| 10. | Své místo v Českém nebi má tak... | Koňský trh, Dobytčí trh | 0.5 |